000 00701nam a2200217Ii 4500
003 JO-AjNU
008 230605s9999||||xx |||||||||||||| ||und||
040 _aJO-AjNU
_bara
_erda
_cJO-AjNU
041 _aara
050 1 4 _aPG3279 1987
100 3 _aتاليف مورفي،روبرت؛ ترجمة عبد المقصود محمد,
_eauthor
_920171
245 0 0 _aالصياد الصغير
250 _aط1
264 3 1 _aبغداد: دار ثقافة الاطفال، 1987
300 _a107ص
336 _atext
_btxt
_2rdacontent
337 _aunmediated
_bn
_2rdamedia
338 _avolume
_bnc
_2rdacarrier
490 0 _aسلسلة مكتبتنا
650 4 _aالصياد الصغر-قصة
_920172
999 _aA6790
_c10358
_d10358